000
00215 a2200097 4500
001
45535
100
_a
Frankland, M
245
_a
The sixth continent
260
_a
London
_b
Hamish hamilton
_c
090
_c
28701
_d
28701
942
_a
NUST-CAE
_c
M
_c
20782
999
_c
280608
_d
280608